Statistics for České filmy podle emotikonů

Click here to take the quiz!

General Stats

  • This quiz has been taken 194 times
  • The average score is 10 of 20

Answer Stats

NápovědaFilm% Correct
🌰🌰🌰👸Tři oříšky pro Popelku
89%
❓⬆️ 🦷 🐳Jak vytrhnout velrybě stoličku
87%
👸⭐️Princezna se zlatou hvězdou
83%
☀️🌾🍓Slunce, seno, jahody
83%
👧🧹🐇Dívka na koštěti
75%
👨‍👩‍👧‍👦 🥄🐟🎄🥃🔥Pelíšky
64%
❄️🌷💪⛷🎿Sněženky a machři
62%
🔴⚡️Kulový blesk
54%
☠️✨🦌🦌🦌✨Smrt krásných srnců
54%
☠️☠️☠️☠️✋🥰Čtyři vraždy stačí, drahoušku!
48%
👀❗️🚂Ostře sledované vlaky
48%
🤵🏃‍♂️Vrchní prchni
48%
🚶‍♂️🛤 ➡️ 🦕🦖Cesta do pravěku
44%
🎓📖✍️👨‍🏫🏗🫙Marečku, podejte mi pero!
41%
🔥⚰️ ✡️Spalovač mrtvol
38%
🔨🧙‍♀️🧙‍♀️🧙‍♀️Kladivo na čarodějnice
36%
🔜🧍🫗🫳🔥☕️Zítra vstanu a opařím se čajem
32%
🏨 🛎 🛏 🟦 ⭐️Hotel Modrá hvězda
28%
👱‍♀️✂️ ➡️ 👩‍🦲🦝 🍺Postřižiny
15%
➡️🌀🥰Zítra to roztočíme, drahoušku...!
0%

Score Distribution

Percentile by Number Answered

Percent of People with Each Score

Your Score History

You have not taken this quiz